| 000 | 04513nam a2200325 i 4500 | ||
|---|---|---|---|
| 001 | 000027957 | ||
| 003 | DO-SdBNP | ||
| 005 | 20250911092007.0 | ||
| 007 | ta | ||
| 008 | 110405s1969 dr 000 0 spa d | ||
| 040 |
_aDO-SdBNP _bspa _cBNPHU _erda |
||
| 041 | _aspa | ||
| 082 |
_a917.29 _bS211g, 1969 _222 |
||
| 100 | 1 |
_aSánchez, María Teresa de _eautora _4aut. _930503 |
|
| 245 | 1 | 0 |
_aGeografía patria : _bbreve desarrollo del programa oficial, tercer curso - educación secundaria. / _cMaría Teresa de Sánchez. |
| 250 | _aPrimera edición | ||
| 264 | 1 |
_aSanto Domingo : _bEditora Nuevo mundo, _c1969. |
|
| 300 |
_a109 páginas ; _c21 cm. |
||
| 336 |
_atextos _btxt _2rdacontent |
||
| 337 |
_asin mediación _bn _2rdamedia |
||
| 338 |
_avolumen _bnc _2rdacarrier |
||
| 504 | _aBibliografía : p. 108- 109 | ||
| 505 | 0 |
_tLa isla de Santo Domingo y la República Dominicana: situación, dimensiones y extensión. Estructura geológica de la República Dominicana -- _tDivisión de la isla de Santo Domingo. Origen histórico de nuestros límites con Haití. División política de la República Dominicana: provincias, municipios, distritos municipales y secciones. El Distrito Nacional y la Ciudad de Santo Domingo de Guzmán, capital de la República Dominicana. Principales ciudades de la República. Dominicanización fronteriza -- _tLa población dominicana: grupos étnicos que la componen, costumbres, idioma, religión, etc. Migración campesina a la ciudad. Forma de agruparse y distribuirse. Zonas de densidad poblacional, datos estadísticos: censos nacionales y estimados periódicos de la Oficina Nacional de Estadística -- _tClasificación de nuestras costas. Características de las costas dominicanas. La fosa de Milwaukee. Principales accidentes costeros: islas adyacentes, bahías y puertos, cabos y puntas más importantes, penínsulas. El mar territorial, zona contigua y la plataforma continental -- _tEl relieve del suelo dominicano. Principales sistemas orográficos: cordillera Septentrional o sierra de Monte Cristi, Cordillera Central, sierra de Yamasá, cordillera Oriental o sierra del Seibo, sierra de Samaná, y los Macizos del Sur: sierra de Neyba y sierra de Bahoruco. Valles y llanuras más importantes. Llanos del interior o de la cordillera Central. Llanos del Norte o del litoral Atlántico, y llanos del sur o del mar Caribe -- _tHidrografía dominicana: generalidades. Las cuatro grandes cuencas fluviales: cuenca de los ríos Yuna, Yaque del Norte, Artibonito y Yaque del Sur. Las vertientes hidrográficas. Vertientes del Atlántico, del Caribe y de Enriquillo. Saltos y cascadas. Lagos y lagunas. Aguas subterráneas y aguas minerales -- _tGeneralidades sobre el clima dominicano. La temperatura y la presión atmosféricas. Isotermas e isobaras. Los vientos. Los alisios. El marero y el terral. El de valle y el de montaña. Los ciclones o huracanes. Las lluvias: sus causas en la República Dominicana -- _tLa flora dominicana: características generales y especies más importantes. La floresta dominicana: problema y solución. La fauna dominicana -- _tLas regiones naturales de la República Dominicana. La región Norte o Cibao y sus comarcas: la Línea Noroeste, el Valle de la Vega Real, la Costa Atlántica, la Península de Samaná y los Haitises. La región Sur y sus comarcas: El Valle de San Juan, Hoya de Enriquillo, Macizo del Bahoruco y llano Meridional Costero. La región Este -- _tLa economía dominicana. Generalidades. Los recursos naturales y su aprovechamiento. La producción de energía eléctrica. Plantas e instalaciones hidroeléctricas. Los complejos de Tavera y Valdesia. La producción agrícola. Aprovechamiento forestal, Avicultura y Apicultura. Explotación de nuestra riqueza minera. Principales industrias dominicanas. El turismo -- _tEl comercio exterior: exportación e importación. Principales productos de exportación. Comercio de importación. Artículos y países de procedencia. Datos estadísticos. Las comunicaciones: transporte de personas y productos, comunicaciones postales y eléctricas -- _tLa república de Haití: generalidades. La economía haitiana: recursos naturales, producción y comercio. División política. Haití y la República Dominicana -- _tBibliografía / |
|
| 590 | _aInventariado, 2025/ YL | ||
| 650 | 7 |
_aPoblación _94333 |
|
| 650 | 7 |
_aGeografía política-República Dominicana _988618 |
|
| 651 |
_aAntillas (islas) _xDescripciones _988619 |
||
| 910 | _aYLockward | ||
| 942 |
_2ddc _cLBS1 |
||
| 999 |
_c27449 _d27449 |
||